| 000 | 00653nam a2200169 i 4500 | ||
|---|---|---|---|
| 001 | 91316 | ||
| 003 | ES-MaACL | ||
| 005 | 20230906180707.0 | ||
| 007 | t| | ||
| 008 | 050128q1909 fr ||||1| fre d | ||
| 100 | 1 |
_aLevé, A. _971920 |
|
| 245 | 1 | 0 |
_aTapisserie de la reine Mathilde dite Tapisserie de Bayeux : réproduction intégrale d'aprés des photographies prises directament sur la tapisserie _b= Queen Matilda's tapestry kmown as, The Bayeus Tapestry / _cA. Levé. |
| 260 |
_aParís : _bHenri Laurens, _c[1909?] |
||
| 300 |
_a[4] p., 8 p. de lám. ; _c25 x 32 cm (apais.) |
||
| 630 | 0 | 4 |
_aTapiz de Bayeux. _9157833 |
| 852 |
_aES-MaACL _j1558-F-17 |
||
| 999 |
_c91316 _d91316 |
||